Avoiding technological quicksand finding a viable technical foundation for digital preservation

Bibliographic Details
Main Author: Rothenberg, Jeff (Author)
Format: Book
Language:English
PhysicalDescription:35 s. 30 cm
Published: Washington [etc.] Council on Library and Information Resources [etc.] 1999
ISBN:9069842572
Subjects:

MARC

LEADER 00000nam a2200000 a 4500
001 vtls001378412
003 SK-MaSNL
005 20260301071114.0
008 251124s1999 US a r 0 eng
020 |a 9069842572  |c [518,00] 
035 |a SNK000332377 
040 |a SNK  |b slo  |c SNK  |e AACR2 
044 |a US  |a NL 
080 |a 026:025.17  |2 1981 
100 1 |a Rothenberg, Jeff  |4 aut  |9 388377 
245 1 |a Avoiding technological quicksand  |b finding a viable technical foundation for digital preservation  |c Jeff Rothenberg 
260 |a Washington [etc.]  |b Council on Library and Information Resources [etc.]  |c 1999 
300 |a 35 s.  |c 30 cm 
650 0 7 |a elektronické dokumenty  |x uchovanie  |x technologický princíp  |2 SNK  |9 65219 
919 |a 90-6984-257-2 
999 |c 636622  |d 638552 
952 |t 17A0533141  |a SNK  |b SNK  |y VYP  |7 0  |p 17A0224242  |o snkOIB 2498   |i snkV 16/2000  |0 0  |1 0  |4 0  |d 2000-01-20  |l 0  |r 2005-01-02 00:00:00  |w 2026-02-23